Possibile o Impossible - Viaggi in macchina - Morte improvvisa - Statistics

Statistiche generali
  • Questo quiz è stato fatto 249 volte
  • Il punteggio medio è 2 su 10
Answers on the Grid
Answers color-coded by a green-red scale on the quiz's grid according to % correct below.
Verbania-Laveno
Carbonia-Sant’Antioco
Isola Maddalena-Isola Santo Stefano
Adrano-Siderno
Mestre-Lido di Venezia
Chioggia-Venezia
Novi Ligure-San Mango Piemonte
Modica-Bagheria
Copenaghen-Stoccolma
Mont Saint Michel-Taormina
Lisbona-Vladivostok
Tokyo-Sapporo
Hiroshima-Nagasaki
Pechino-Vancouver
Barcellona-Ceuta
Filadelfia-Liberty Island
Manama-Panama
New York-Ellis Island
New York-Buenos Aires
Iqaluit-Nuuk
 
Statistiche sulle risposte
Risposta % Corretto
Verbania-Laveno
38%
Chioggia-Venezia
33%
Copenaghen-Stoccolma
32%
Lisbona-Vladivostok
29%
Novi Ligure-San Mango Piemonte
27%
Carbonia-Sant’Antioco
22%
Modica-Bagheria
18%
Hiroshima-Nagasaki
15%
Barcellona-Ceuta
6%
New York-Ellis Island
3%
Nessun quiz corrispondente trovato
Distribuzione punteggi
Percentuale di utenti per punteggio
Percentile per numero di risposta
I tuoi punteggi nel tempo
Non hai fatto questo quiz